MARC

LEADER 00000nam0a2200000 4500
001 352131
005 20231102010453.0
035 |a (RuTPU)RU\TPU\retro\8368 
090 |a 352131 
100 |a 20191121d1937 m a0rusy50 ca 
101 0 |a rus 
102 |a RU 
105 |a y z 000zy 
200 1 |a Конституция Союза ССР и Конституции Советских Социалистических республик 
210 |a Москва  |c Юридическое издательство  |d 1937 
215 |a 283 с. 
606 1 |a Конституция СССР  |2 stltpush  |3 (RuTPU)RU\TPU\subj\15395  |9 41638 
610 1 |a законодательные документы 
610 1 |a законодательство 
610 1 |a республики 
610 1 |a государственный строй 
610 1 |a государственные символы 
610 1 |a конституции 
610 1 |a конституционное право 
610 1 |a Конституция 1936 
610 1 |a СССР 
610 1 |a история 
686 |a Х620.1  |v LBC/SL-A  |2 rubbk 
801 1 |a RU  |b 63413507  |c 20191121 
801 2 |a RU  |b 63413507  |c 20191121  |g RCR 
942 |c BK